000 00288nam a2200109Ia 4500
008 200302s9999 xx 000 0 und d
100 _aJonathan Bell & Other
245 _aThe New Modern House Redefining Functionalism
260 _bLaurence King Publishing
260 _c2010
300 _a240
999 _c3405
_d3405